Education studies (رقم التسجيلة. 14291)
[ عرض عادي ]
| 000 -الفاتح | |
|---|---|
| حقل البيانات ثابتة الطول | 01308cam a2200349Ia 4500 |
| 001 - رقم الضبط | |
| رقم الضبط | 8742526 |
| 003 - محدد رقم الضبط | |
| رقم الضبط | OSt |
| 005 - وقت وتاريخ اخر تعامل مع التسجيلة | |
| رقم الضبط | 20150408113918.0 |
| 006 - عناصر البيانات ثابتة الطول - خصائص المادة الاضافية-معلومات عامة | |
| حقل البيانات ثابتة الطول | m u |
| 007 - الحقل الثابت للوصف المادى- معلومات عامة | |
| حقل البيانات ثابتة الطول | cr cn||||||||| |
| 008 - عناصر البيانات ثابتة الطول - معلومات عامة | |
| حقل البيانات ثابتة الطول | 110908s2009 enk fsb 001 0 eng d |
| 020 ## - الرقم الدولى المعيارى للكتب | |
| الرقم الدولى المعيارى للكتاب الملغى /الخاطئ | 9780335223510 |
| 035 ## - رقم ضبط النظام | |
| رقم ضبط النظام | (CaPaEBR)ebr10273877 |
| 035 ## - رقم ضبط النظام | |
| رقم ضبط النظام | (NNC)8742526 |
| 040 ## - مصدر الفهرسة | |
| وكالة الفهرسة الأصلية | CaPaEBR |
| وكالة النسخ | دار اجنادين |
| 082 ## - رقم تصنيف ديوى العشرى | |
| رقم الطبعة | 21 |
| رقم التصنيف | 370 |
| رقم المادة | M L E |
| 100 1# - المدخل الرئيسى - إسم شخصى | |
| الإسم الشخصى | Murphy, Lisa. |
| 9 (RLIN) | 4133 |
| 245 10 - بيان العنوان | |
| العنوان | Education studies |
| الوسيط | [electronic resource] : |
| بقية العنوان | an introduction / |
| بيان المسئوليه,etc | Lisa Murphy, Emmanuel Mufti and Derek Kassem. |
| 260 ## - PUBLICATION, DISTRIBUTION, ETC. (IMPRINT) | |
| مكان الناشر او الموزع | Maidenhead, Berkshire, England : |
| اسم الناشر او الموزع | Open University Press, |
| تاريخ النشر أو التوزيع | c2009. |
| 300 ## - الوصف المادى | |
| التعداد | 201 p. : |
| أبعاد الوعاء | 24 cm. |
| 504 ## - تبصرة ببليوجرافية | |
| تبصرة ببليوجرافية,الخ | Includes bibliographical and discographical references and index. |
| 533 ## - تبصرة الاستنساخ | |
| نوع الاستنساخ | Electronic reproduction. |
| مكان الاستنساخ | Palo Alto, Calif. : |
| الوكالة المسؤولة عن الاستنساخ | ebrary, |
| تاريخ الاستنساخ | 2009. |
| تبصرة بخصوص الاستنساخ | Available via World Wide Web. |
| -- | Access may be limited to ebrary affiliated libraries. |
| 650 #0 - المدخل الاضافى بالموضوع-مصطلح موضوعى | |
| مصطلح موضوعي أو اسم جغرافي كعنصر مدخل | Education. |
| 9 (RLIN) | 4054 |
| 650 #0 - المدخل الاضافى بالموضوع-مصطلح موضوعى | |
| مصطلح موضوعي أو اسم جغرافي كعنصر مدخل | Educational sociology. |
| 9 (RLIN) | 4134 |
| 655 #7 - مصطلح تكشيفى-نوع/شكل | |
| بيانات النوع/ الشكل أو المصطلح الأساسي | Electronic books. |
| مصدر المصطلح | local |
| 9 (RLIN) | 4135 |
| 700 1# - المدخل الاضافى - اسم شخصى | |
| الإسم الشخصى | Mufti, Emmanuel. |
| 9 (RLIN) | 4136 |
| 700 1# - المدخل الاضافى - اسم شخصى | |
| الإسم الشخصى | Kassem, Derek. |
| 9 (RLIN) | 4137 |
| 710 2# - المدخل الاضافى - اسم هيئه | |
| اسم الهيئة أو اسم السلطة كمدخل | ebrary, Inc. |
| 9 (RLIN) | 4138 |
| 856 40 - الوصول و الموقع الالكترونى | |
| معرف المصدر الموحد | <a href="http://www.columbia.edu/cgi-bin/cul/resolve?clio8742526">http://www.columbia.edu/cgi-bin/cul/resolve?clio8742526</a> |
| تبصرة عامة | Click here for full text. |
| 942 ## - عناصر المدخل الإضافي( كوها) | |
| مصدر التصنيف او مخطط الترفيف | Dewey Decimal Classification |
| Koha [default] item type | DVD |
| حالة الفقد | نموذج السعر الفعال | حالة تلف | ليس للاعارة | رقم الطلب | تاريخ الاكتساب | الموقع الحالي | الباركود | الفرع الرئيسي | Date last seen | نوع المادة فى نظام كوها | مصدر التصنيف او خطة الترفيف | Total Checkouts |
|---|---|---|---|---|---|---|---|---|---|---|---|---|
| 2013-03-10 | 370 M L E | 2011-09-08 | قسم الاجراءات الفنية (IC) | 00101519 | قسم الاجراءات الفنية (IC) | 2013-03-10 | كتاب | Dewey Decimal Classification | ||||
| 2013-03-10 | 370 M L E | 2011-09-08 | قسم الاجراءات الفنية (IC) | 00101518 | قسم الاجراءات الفنية (IC) | 2013-03-10 | كتاب | Dewey Decimal Classification |
